Nombra las ciudades más seguras de España - Estadísticas

Estadísticas generales
  • Esta prueba ha sido intentada 19 veces
  • La puntuación promedio es 5 de 10
Estadísticas de respuestas
Hint Respuesta % Correcto
L Lugo
76%
P Palencia
76%
S Soria
65%
S Salamanca
59%
O Ourense
53%
Z Zamora
53%
A Albacete
47%
A Ávila
47%
P Pontevedra
41%
B Bilbao
29%
No se encontraron pruebas coincidentes
Distribución de puntuación
Porcentaje de gente con cada puntuación
Porcentaje por número respondido
Historial de tus puntuaciones
No has intentado esta prueba.